Sagrada Biblia: versión directa de las lenguas originales

Salvato in:
Dettagli Bibliografici
Autore principale: Nácar Fúster, Eloíno (autor)
Altri autori: Colunga Cueto, Alberto (autor)
Natura: Libro
Lingua:spagnolo
Pubblicazione: Madrid Biblioteca de Autores Cristianos 1981
Edizione:41a. ed
Soggetti:
Tags: Aggiungi Tag
Nessun Tag, puoi essere il primo ad aggiungerne!!

MARC

LEADER 00000nam a2200000 a 4500
001 UCT3407
003 CL-VaPUC
008 961024e19810000SP |||||||||||||||||spa|d
082 0 4 |a 220  |b NAC  |2 21 
100 |a Nácar Fúster, Eloíno  |e autor  |9 302902 
700 |a Colunga Cueto, Alberto  |e autor  |9 372334 
245 1 0 |a Sagrada Biblia: versión directa de las lenguas originales 
250 |a 41a. ed 
300 |a 1642 p 
942 |c BK 
945 |d 19961024 00:00:00  |a cmena 
260 |a Madrid  |b Biblioteca de Autores Cristianos  |c 1981 
650 0 |a Biblia  |9 257603 
650 0 |a Textos sagrados   |9 257605 
583 |a last modification  |c 19961024 00:00:00  |k Rodrigo Vera 
999 |c 253070  |d 253068 
952 |0 0  |1 0  |2 ddc  |4 0  |6 220_000000000000000_NAC_1981  |7 0  |8 A  |9 273522  |a BIBCUR  |b BIBCUR  |d 2019-11-19  |i 1774794  |l 7  |o 220 NAC 1981  |p 1774794  |r 2025-04-22  |s 2024-06-27  |w 2019-11-19  |y BK_R  |k BCB